Les 20 joueurs les plus décisifs en Ligue 1 2022/23. - Statistiques

Statistiques générales
  • Ce quiz a été pris 132 fois
  • Le résultat moyen est 15 sur 20
Statistiques - réponses
G+A Réponse G-A Clubs % Correct
35 Kylian Mbappé 29-6 PSG
100%
32 Lionel Messi 16-16 PSG
99%
32 Alexandre Lacazette 27-5 LYON
98%
24 Neymar 13-11 PSG
97%
24 Wissam Ben Yedder 19-5 MONACO
95%
28 Jonathan David 24-4 LILLE
91%
24 Lois Openda 21-3 LENS
87%
15 Alexis Sanchez 14-1 MARSEILLE
81%
23 Folarin Balogun 21-2 REIMS
79%
21 Elye Wahi 19-2 MONTPELLIER
77%
18 Amine Gouiri 15-3 NICE/ RENNES
74%
18 Gaetan Laborde 15-3 RENNES/ NICE
73%
21 Habib Diallo 20-1 STRASBOURG
68%
21 Terem Moffi 18-3 LORIENT/ NICE
68%
15 Aleksandr Golovin 8-7 MONACO
65%
16 Teji Savanier 12-4 MONTPELLIER
64%
15 Benjamin Bourigeaud 7-8 RENNES
59%
17 Remy Cabella 7-10 LILLE
59%
15 Breel Embolo 12-3 MONACO
50%
15 Mama Balde 12-3 TROYES
39%
Aucun quiz correspondant
Distribution des résultats
% des personnes avec chaque résultat
Percentile par nombre de réponses
Votre historique - résultats
Vous n’avez pas pris ce quiz